000 00362nam a2200133Ia 4500
005 20260326235453.0
008 260326s9999||||xx |||||||||||||| ||und||
100 _aNorberg-Schulz, Christian
245 0 _aLate baroque and rococo Architecture /
_cChristian Norberg-Schulz
260 _bRizzoli
300 _a219 p.
650 _aARQUITECTURA MODERNA
942 _cBK
999 _c7858
_d7858